00792nam a2200193 a 450000100100000000500170001000800410002702000150006804000250008324500880010826001250019630000210032150000420034250000190038450400320040370000350043595201110047099900170058100003925920201002031552.0130619s1990 xxu 000 0 spa d a9977581487 aDO-SdBNPbspacBNPHU00aEfectos demograficos de grandes proyectos de desarrollo /ceditor Jorge L. Canales. aSan José, Costa Rica :bComisión para América Latina y el CaribebCentro Latinoaméricano de Demografía,c1990. a347 p. ;c22 cm. aIncluye notas al pie de las páginas aIncluye anexos aBibliografía : p. 319-3381 aCanales, Jorge L.,eed.965460 001054708MOaGRbGRcCTd2013-06-19iLF1l0o p39259-10r2020-06-25w2020-06-25y4ZPréstamo en sala c38749d38749